000 00871nam a22001937a 4500
999 _c59224
_d59224
003 Ge_BSU
005 20221215144347.0
008 221215s1971ge xxu||||| |||| 00| 0 geo d
041 _ageo
080 _a821.353.1-31 ჭ-42
100 _aჭილაია, სერგი, 1912-1992.
_916437
245 _aშვილები : ქრონიკა /
_cსერგი ჭილაია, რედ. ლამარა თურმანიძე.
264 _aთბილისი :
_bმერანი,
_c1971.
300 _a215 გვ. ;
_b20 სმ.
653 _aშვილები : ქრონიკა
653 _aგაგრძელება რომანისა "ეკატერინე ჭავჭავაძე".
700 _aთურმანიძე, ლამარა
_eრედაქტორი
_96350
942 _2udc
_cBK